|
|
|
|
| LEADER |
02293nam a22004097i 4500 |
| 001 |
44998 |
| 003 |
BD-DhAAL |
| 005 |
20251103120815.0 |
| 008 |
251030t2013 inua b 001 0 eng |
| 010 |
|
|
|a 2012922520
|
| 020 |
|
|
|a 9781479757664
|
| 020 |
|
|
|a 1479757667
|
| 020 |
|
|
|a 9781479757657
|
| 020 |
|
|
|a 1479757659
|
| 020 |
|
|
|a 9781479757671
|
| 035 |
|
|
|a 18153142
|
| 040 |
|
|
|a DLC
|b eng
|c DLC
|e rda
|d BD-DhAAL
|
| 050 |
0 |
0 |
|a MLCM 2018/49843 (R)
|
| 082 |
|
|
|a 610.92
|2 22
|
| 100 |
1 |
|
|a Sengupta, P. R.,
|e author
|9 59762
|
| 245 |
1 |
0 |
|a Malaysia & Bengali doctors 1907-2012 :
|b a personal perspective /
|c P. R. Sengupta.
|
| 246 |
3 |
|
|a Malaysia and Bengali doctors 1907-2012.
|
| 260 |
|
|
|a Bloomington, Indiana :
|b Xlibris Corporation ;
|b Repro India Limited,
|c 2013.
|
| 300 |
|
|
|a 261 pages :
|b illustrations ;
|c 23 cm
|
| 504 |
|
|
|a Includes bibliographical references and index.
|
| 526 |
|
|
|a ENH
|x Gazi Md. Mizanur Rahman
Assistant Professor,
Department of English and Humanities
BRAC University
Course name: Global Migration & Transnational Community (HST 408)
|
| 541 |
|
|
|a Book finder International
|e 44998
|
| 650 |
|
0 |
|a Indian physicians
|z Malaysia.
|9 59763
|
| 650 |
|
0 |
|a Physicians
|z India
|v Biography.
|9 59764
|
| 650 |
|
0 |
|a Physicians, Foreign
|z Malaysia.
|v Biography.
|9 59765
|
| 650 |
|
0 |
|a Physicians, Foreign
|z Malaysia.
|9 59766
|
| 650 |
|
0 |
|a Medical sciences
|z Malaysia
|x History
|y 20th century.
|9 59767
|
| 852 |
|
|
|a Ayesha Abed Library
|c General Stacks
|
| 942 |
|
|
|2 ddc
|c BK
|
| 999 |
|
|
|c 47616
|d 47616
|
| 952 |
|
|
|0 0
|1 0
|2 ddc
|4 0
|6 610_920000000000000_SEN
|7 0
|9 78418
|a BRACUL
|b BRACUL
|c GEN
|d 2025-10-27
|e Book Finder International
|g 4205.00
|l 0
|o 610.92 SEN
|p 3010044999
|r 2025-10-27
|t 2
|v 8410.00
|w 2025-10-27
|y BK
|x Requisitioned by Gazi Md. Mizanur Rahman (Assistant Professor, Department of English and Humanities, BRAC University) for the course named- 'Global Migration & Transnational Community (HST 408)'
|
| 952 |
|
|
|0 0
|1 0
|2 ddc
|4 0
|6 610_920000000000000_SEN
|7 0
|9 78419
|a BRACUL
|b BRACUL
|c NEW
|d 2025-10-27
|e Book Finder International
|g 4205.00
|l 0
|o 610.92 SEN
|p 3010044998
|r 2025-10-27
|t 1
|v 8410.00
|w 2025-10-27
|y BK
|x Requisitioned by Gazi Md. Mizanur Rahman (Assistant Professor, Department of English and Humanities, BRAC University) for the course named- 'Global Migration & Transnational Community (HST 408)'
|